Clubs with Most Football Championships in Brazil and Argentina - Statistics

General Stats
  • This quiz has been taken 74 times
  • The average score is 11 of 13
Answer Stats
League Titles Country Club % Correct
35 Argentina Boca Juniors
100%
38 Argentina River Plate
100%
7 Brazil Flamengo
92%
12 Brazil Palmeiras
92%
16 Argentina Independiente
85%
8 Brazil Santos
85%
7 Brazil Corinthians
81%
6 Brazil São Paulo
81%
18 Argentina Racing Club
79%
6 Argentina Estudiantes
76%
15 Argentina San Lorenzo
76%
11 Argentina Velez Sarsfield
65%
6 Argentina Newell's Old Boys
56%
No matching quizzes found
Score Distribution
Percent of People with Each Score
Percentile by Number Answered
Your Score History
You have not taken this quiz